| 000 | 00769nam a2200265Ia 4500 | ||
|---|---|---|---|
| 003 | OSt | ||
| 005 | 20220918164748.0 | ||
| 006 | a|||||r|||| 00| 0 | ||
| 007 | ta | ||
| 008 | 220917b |||||||| |||| 00| 0 eng d | ||
| 020 | _a0745626084 (pbk) | ||
| 024 | _a171,692 | ||
| 037 | _cTextual | ||
| 040 |
_aARTS _cARTS _beng |
||
| 041 |
_2eng _aeng |
||
| 082 | _aR22, P1 | ||
| 100 |
_aNowotny Helga _920526 |
||
| 245 | 0 |
_aRe-thinking science _b knowledge and the public in an age of uncertainty |
|
| 260 |
_aCambridge _bPolity Press _c2001 |
||
| 300 |
_aix, 278p. _ccm. |
||
| 700 |
_a Gibbons Michael _920527 |
||
| 700 |
_a Scott Peter _920528 |
||
| 942 |
_hR22, P1 _cTEXL _2CC |
||
| 999 |
_c126397 _d126397 |
||